| 000 | 00555cam a2200193 i 4500 | ||
|---|---|---|---|
| 999 |
_c7731 _d7731 |
||
| 003 | OSt | ||
| 005 | 20200518113924.0 | ||
| 008 | 161019s2017 nyu 001 0 eng | ||
| 020 | _a9781138947276 (pb : alk. paper) | ||
| 082 | 0 | 0 |
_a808.06/672 _223 |
| 100 | 1 |
_aSpector, Tom, _d1957- _eauthor. |
|
| 245 | 1 | 0 |
_aHow architects write / _cTom Spector and Rebecca Damron. |
| 250 | _aSecond edition. | ||
| 300 |
_aix, 269 pages ; _c24 cm |
||
| 500 | _aIncludes index. | ||
| 650 | 0 | _aArchitectural writing. | |
| 700 | 1 |
_aDamron, Rebecca L., _eauthor. |
|
| 942 | _2ddc | ||